Science discovers God : (Registro nro. 61718)

Detalles MARC
000 -LEADER
campo de control de longitud fija 01297 a2200373 04500
001 - NÚMERO DE CONTROL
campo de control 725918
003 - IDENTIFICADOR DE NÚMERO DE CONTROL
campo de control PE-LiUPU
005 - FECHA Y HORA DE LA ÚLTIMA TRANSACCIÓN
campo de control 20250731173557.0
008 - DATOS DE LONGITUD FIJA--INFORMACIÓN GENERAL
campo de control de longitud fija 050630s2008 wau eng d
020 ## - NÚMERO INTERNACIONAL ESTÁNDAR DEL LIBRO
Número Internacional Estándar del Libro 9780812704488
040 ## - FUENTE DE CATALOGACIÓN
Centro catalogador/agencia de origen PE-LiUPU
Lengua de catalogación spa
Centro/agencia transcriptor PE-LiUPU
Normas de descripción rda
082 04 - NÚMERO DE LA CLASIFICACIÓN DECIMAL DEWEY
Número de clasificación 231.7652
Cutter R845s
Número de edición 23
100 1# - ENTRADA PRINCIPAL--NOMBRE DE PERSONA
Nombre de persona Roth, Ariel A.
Término indicativo de función/relación autor
245 10 - MENCIÓN DEL TÍTULO
Título Science discovers God :
Resto del título seven convincing lines of evidence for his existence /
Mención de responsabilidad, etc. Ariel A. Roth
264 ## - PRODUCCIÓN, PUBLICACIÓN, DISTRIBUCIÓN, FABRICACIÓN Y COPYRIGHT
Producción, publicación, distribución, fabricación y copyright Hagerstown, Maryland :
Nombre del de productor, editor, distribuidor, fabricante Autumn House,
Fecha de producción, publicación, distribución, fabricación o copyright 2008
300 ## - DESCRIPCIÓN FÍSICA
Extensión 251 páginas :
Otras características físicas ilustrado ;
Dimensiones 24 centímetros.
500 ## - NOTA GENERAL
Nota general Incluye índice
505 ## - NOTA DE CONTENIDO CON FORMATO
Nota de contenido con formato Can a scientist dare to believe in God? -- The very fine-tuned universe -- How did life get started? -- The perplexity of complexity -- So little time for everything -- Fashions in science -- Is science exclusive? -- Putting it together.
526 ## - NOTA DE INFORMACIÓN SOBRE EL PROGRAMA DE ESTUDIO
Nombre del programa Segunda Especialidad En Profecías Bíblicas
526 ## - NOTA DE INFORMACIÓN SOBRE EL PROGRAMA DE ESTUDIO
Nombre del programa Segunda Especialidad En Nuevo Testamento
526 ## - NOTA DE INFORMACIÓN SOBRE EL PROGRAMA DE ESTUDIO
Nombre del programa Segunda Especialidad En Antiguo Testamento
526 ## - NOTA DE INFORMACIÓN SOBRE EL PROGRAMA DE ESTUDIO
Nombre del programa Segunda Especialidad En Estudios Adventistas
526 ## - NOTA DE INFORMACIÓN SOBRE EL PROGRAMA DE ESTUDIO
Nombre del programa Doctorado en teología
526 ## - NOTA DE INFORMACIÓN SOBRE EL PROGRAMA DE ESTUDIO
Nombre del programa Maestría en teología histórica
526 ## - NOTA DE INFORMACIÓN SOBRE EL PROGRAMA DE ESTUDIO
Nombre del programa Maestría en teología bíblica
526 ## - NOTA DE INFORMACIÓN SOBRE EL PROGRAMA DE ESTUDIO
Nombre del programa Maestría en teología
526 ## - NOTA DE INFORMACIÓN SOBRE EL PROGRAMA DE ESTUDIO
Nombre del programa Maestría en misionología
526 ## - NOTA DE INFORMACIÓN SOBRE EL PROGRAMA DE ESTUDIO
Nombre del programa Maestría en liderazgo eclesiástico
526 ## - NOTA DE INFORMACIÓN SOBRE EL PROGRAMA DE ESTUDIO
Nombre del programa Teología
650 14 - PUNTO DE ACCESO ADICIONAL DE MATERIA--TÉRMINO DE MATERIA
Término de materia o nombre geográfico como elemento de entrada Religión y ciencia
650 14 - PUNTO DE ACCESO ADICIONAL DE MATERIA--TÉRMINO DE MATERIA
Término de materia o nombre geográfico como elemento de entrada Creacionismo
942 ## - ELEMENTOS DE ENTRADA SECUNDARIOS (KOHA)
Tipo de ítem Koha Libros físicos
Fuente del sistema de clasificación o colocación Clasificación Decimal Dewey
Suprimir en OPAC No
980 ## - EQUIVALENCIA O REFERENCIA-CRUZADA-MENCIÓN DE SERIE--NOMBRE DE PERSONA/TÍTULO [LOCAL, CANADÁ]
ID del usuario creador del registro 18226
Nombre del creador del registro Jaime Vilcazán Jefe de Análisis Documental
ID del último usuario que modificó el registro 1
Nombre del último usuario que modificó el registro ALBERTO SANCHEZ Responsable de Automatización
Existencias
Visto por última vez Total de préstamos Signatura topográfica completa Código de barras Copia número Fecha de reemplazo Facultad Tipo de ítem Koha Nota pública Estado de pérdida Fuente del sistema de clasificación o colocación Restricciones de uso No para préstamo Colección Programa académico Biblioteca de origen Biblioteca actual Ubicación en estantería Fecha de adquisición
2025-12-03   231.7652 R845s 81307 e1 2023-02-09   Libros físicos inventario-2023-12-13 No Perdido Clasificación Decimal Dewey No restringido Disponible para préstamos Colección General Teología Biblioteca CRAI UPeU Lima Biblioteca CRAI UPeU Lima Sala principal 2022-01-27